Couvertures des Jeux MLB The Show - Statistiques

Statistiques générales
  • Ce quiz a été pris 13 fois
  • Le résultat moyen est 4 sur 19
Statistiques - réponses
Hint Réponse % Correct
MLB The Show 24 2024 Vladimir Guerrero Jr.
100%
MLB The Show 21 2021 Fernando Tatís Jr.
60%
MLB The Show 23 2023 Jazz Chisholm Jr.
60%
MLB The Show 22 2022 Shohei Ohtani
60%
MLB The Show 18 2018 Aaron Judge
50%
MLB The Show 20 2020 Javier Baez
40%
MLB The Show 19 2019 Brice Harper
30%
MLB The Show 16 2016 Josh Donaldson
10%
MLB The Show 17 2017 Ken Griffey Jr.
10%
MLB 12: The Show 2012 Adrian Gonzales
0%
MLB 13: The Show 2013 Andrew McCutchen
0%
MLB 06: The Show 2006 David Ortiz
0%
MLB 07: The Show 2007 David Wright
0%
MLB 09: The Show 2009 Dustin Pedroia
0%
MLB 11: The Show 2011 Joe Mauer
0%
MLB 10: The Show 2010 Joe Mauer
0%
MLB 14: The Show 2014 Miguel Cabrera
0%
MLB 08: The Show 2008 Ryan Howard
0%
MLB 15: The Show 2015 Yasiel Puig
0%
Aucun quiz correspondant
Distribution des résultats
% des personnes avec chaque résultat
Percentile par nombre de réponses
Votre historique - résultats
Vous n’avez pas pris ce quiz